00948nac a22002411u 4500010001600000020002400016082001500040090001500055100003400070245013200104260004200236300003400278440007400312500002900386504005100415511002600466650002500492700002000517700001900537942001700556999001500573952011800588 a 92012881 a013808064X (pbk.) :00a003.8bMAT c7105d7105 aMatko, Drago. 10aSimulation and modelling of continuous systems :ba case study approach /cDrago Matko, Borut Zupančič, Rihard Karba. aNew York :bPrentice Hall,1992c1992. axiv, 312 p. :bill. ;c24 cm. 0aPrentice Hall International series in systems and control engineering adistributed by: Al-Ahram aIncludes bibliographical references and index. acatalogued by: wessam 0aComputer simulation.1 aZupancic Borut.1 aKarba, Rihard. cBBk003.8MAT c7105d7105 00104070aMAINbMAINcLOWd2008-01-02ePurchasel1m2o003.8MATp000008180r2025-07-15 00:00:00s2010-12-14yBB